Chasing Cars Lyrics - Statistics

General Stats
  • This quiz has been taken 660 times
  • The average score is 27 of 47
Answer Stats
Hint Answer % Correct
If I ____ lay here Just
97%
And just ______ the world? Forget
96%
If I lay ____ Here
96%
We'll do __ All It
95%
Would you ___ with me Lie
95%
Anything, __ anyone Or
89%
And just forget ___ _____ The World
87%
If _ ____ lay here I Just
86%
Would you ___ ____ me Lie With
85%
We Don't ____ Need
85%
Before __ ___ too old We Get
85%
If I ___ ____ Lay Here
84%
__________, on our own Everything
81%
___ I feel How
80%
Forget what _____ ____ We're Told
78%
Those _____ _____ Three Words
73%
How to ___ Say
72%
They're not ______ Enough
71%
________ ____ Life Bursting Into
70%
_______ ____ Chasing Cars
68%
Are ____ ___ much Said Too
68%
I don't _____ know Quite
66%
Let's _____ ____ Waste Time
63%
Would you ___ ____ __ Lie With Me
61%
___ ____ ______ The world? And Just Forget
60%
Show me _ ______ that's A Garden
59%
Around ___ _____ Our Heads
59%
If I ____ ___ ____ Just Lay Here
57%
Before __ ___ ___ ___ We Get Too Old
52%
__ _ ___ here If I Lay
51%
____ __ _ ______ that's bursting into life Show Me A Garden
45%
______ ____ _____ ____ Forget What We're Told
43%
___ ____ _ __ All That I Am
32%
All ____ _ ____ ___ That I Ever Was
32%
I ____ ____ _____ Need Your Grace
29%
__ ____ __ own To Find My
28%
__ ______ __ To Remind Me
25%
_______ ___ _ ___ ___ They're All I Can See
24%
Is ____ __ ____ _______ Here In Your Perfect Eyes
23%
__ _ ___ ____ If I lay here
22%
__ _ ____ ___ ____ If I Just Lay Here
21%
_____ ___ ___ ____ __ Would You Lie With Me
21%
___ ____ ______ ___ _____ And Just Forget The World
20%
_ _____ ____ _____ I Don't Know Where
20%
______ ___ __ __ ___ Change For Us At All
19%
________ _____ ___ __ ____ Confused About How As Well
19%
____ ____ ____ _____ things will never Just Know That These
17%
No matching quizzes found
Score Distribution
Percent of People with Each Score
Percentile by Number Answered
Your Score History
You have not taken this quiz